Spanish Vocab by Category - Animals and Nature - Statistics

General Stats
  • This quiz has been taken 299 times
  • The average score is 36 of 57
Answer Stats
Hint Answer % Correct
Cat Gato
99%
Dog Perro
95%
Chicken Pollo
95%
Lion León
91%
Elephant Elefante
90%
Sun Sol
89%
Tiger Tigre
89%
Cow Vaca
88%
Flower Flor
86%
Horse Caballo
85%
Moon Luna
85%
Sea Mar
83%
Monkey Mono
82%
Mountain Montaña
82%
Bear Oso
82%
Fish Pez
81%
River Río
81%
Turtle Tortuga
81%
Trees Árboles
78%
Lake Lago
77%
Stars Estrellas
76%
Duck Pato
76%
Bird Pájaro
73%
Mouse Ratón
73%
Pig Cerdo
72%
Sky Cielo
72%
Plant Planta
72%
Wolf Lobo
69%
Snow Nieve
68%
Volcano Volcán
67%
Rain Lluvia
66%
Forest Bosque
63%
Field Campo
63%
Ocean Océano
62%
Sand Arena
59%
Rooster Gallo
59%
Eagle Águila
57%
Sheep Oveja
57%
Wood Madera
54%
Leaf Hoja
53%
Jungle Selva
52%
Goat Cabra
51%
Stone/Rock Piedra
50%
Whale Ballena
49%
Root Raíz
45%
Hen Gallina
44%
Shadow/Shade Sombra
43%
Waterfall Cascada
37%
Hill Colina
35%
Rainbow Arco iris
32%
Landscape Paisaje
32%
Cloud Niebla
25%
Pond Charca / Estanque
19%
Trail Rastro / Pista
18%
Grass Grama / Pasto
17%
Skunk Mofeta
15%
Cliff Acantilado / Precipicio
11%
No matching quizzes found
Score Distribution
Percent of People with Each Score
Percentile by Number Answered
Your Score History
You have not taken this quiz